书目信息 |
| 题名: |
计算机应用基础习题与上机指导
|
|
| 作者: | 李畅 , 程永上 , 董连 编 | |
| 分册: | ||
| 出版信息: | 北京 高等教育出版社 2000.10 |
|
| 页数: | 114页 | |
| 开本: | 26cm | |
| 丛书名: | ||
| 单 册: | ||
| 中图分类: | TP3-42 , TP39-44 | |
| 科图分类: | ||
| 主题词: | 电子计算机--基本知识--高等学校--技术学校--教学参考资料 , 计算机应用 | |
| 电子资源: | ||
| ISBN: | 7-04-009126-7 | |
| 000 | 00905nam0 2200277 45 | |
| 001 | 012001000000 | |
| 005 | 20010709154954.4 | |
| 010 | @a7-04-009126-7@dCNY 10.00 | |
| 100 | @a20010709d2000 em y0chiy0120 ea | |
| 101 | 0 | @achi |
| 102 | @aCN@b110000 | |
| 105 | @aak q 000yy | |
| 200 | 1 | @a计算机应用基础习题与上机指导@AJi Suan Ji Ying Yong Ji Chu Xi Ti Yu Shang Ji Zhi Dao@f李畅, 程永上, 董连[编]@FLi Chang , Cheng Yong Shang , Dong Lian [ Bian ] |
| 210 | @a北京@c高等教育出版社@d2000.10 | |
| 215 | @a114页@c图表@d26cm | |
| 300 | @a高职高专计算机系列教材 | |
| 300 | @a书末有附录 | |
| 606 | 0 | @a电子计算机@x基本知识@x高等学校@x技术学校@j教学参考资料 |
| 606 | 0 | @a计算机应用 |
| 690 | @aTP3-42@v4 | |
| 690 | @aTP39-44@v3 | |
| 701 | 0 | @a李畅@ALi Chang@4编 |
| 701 | 0 | @a程永上@ACheng Yong Shang@4编 |
| 701 | 0 | @a董连@ADong Lian@4编 |
| 801 | 0 | @aCN@bCEPC@c20010709 |
| 905 | @dTP39-44@eL132 | |
| 计算机应用基础习题与上机指导/李畅, 程永上, 董连[编].-北京:高等教育出版社,2000.10 |
| 114页:图表;26cm |
| 高职高专计算机系列教材.-书末有附录 |
| ISBN 7-04-009126-7:CNY 10.00 |
| ● |
| 相关链接 |
|
|
|
正题名:计算机应用基础习题与上机指导
索取号:TP39-44/L132
 
预约/预借
| 序号 | 登录号 | 条形码 | 馆藏地/架位号 | 状态 | 备注 |
| 1 | 388140 | 203881406 | 期刊室512/301自科库 60排1列2层/ [索取号:TP39-44/L132] | 在馆 | |
| 2 | 388141 | 203881415 | 期刊室512/301自科库 60排1列3层/ [索取号:TP39-44/L132] | 在馆 | |
| 3 | 388142 | 203881424 | 自科二线404/301自科库 60排1列3层/ [索取号:TP39-44/L132] | 在馆 |